Hà Nội nghìn xưa

Kể lại Hà nội thời xưa, kết hợp truyền thuyết, huyền tích với cứ liệu sử học và kết quả khảo cổ để viết nên những câu chuyện sinh động, có sức thuyết phục về truyền thống dựng nước, giữ nước và những nét sinh hoạt của ngươ...

Volledige beschrijving

Bewaard in:
Bibliografische gegevens
Hoofdauteur: Trần, Quốc Vượng
Formaat: Boek
Taal:Undetermined
Gepubliceerd in: Hà Nội Nhà xuất bản Hà Nội 2004
Onderwerpen:
Tags: Voeg label toe
Geen labels, Wees de eerste die dit record labelt!
Thư viện lưu trữ: Trung tâm Học liệu Trường Đại học Cần Thơ
LEADER 00999nam a2200217Ia 4500
001 CTU_97659
008 210402s9999 xx 000 0 und d
020 |c 37000 
082 |a 959.7 
082 |b V561 
100 |a Trần, Quốc Vượng 
245 0 |a Hà Nội nghìn xưa 
245 0 |c Trần Quốc Vượng, Vũ Tuấn Sán 
260 |a Hà Nội 
260 |b Nhà xuất bản Hà Nội 
260 |c 2004 
520 |a Kể lại Hà nội thời xưa, kết hợp truyền thuyết, huyền tích với cứ liệu sử học và kết quả khảo cổ để viết nên những câu chuyện sinh động, có sức thuyết phục về truyền thống dựng nước, giữ nước và những nét sinh hoạt của người Thăng Long xưa 
650 |a Vietnam 
650 |x History 
904 |i Tuyến 
980 |a Trung tâm Học liệu Trường Đại học Cần Thơ